Successful presentation skills (Record no. 291796)

MARC details
000 -LEADER
fixed length control field 00672nam a2200241Ia 4500
008 - FIXED-LENGTH DATA ELEMENTS--GENERAL INFORMATION
fixed length control field 191130s2009##################000#0#eng##
020 ## - INTERNATIONAL STANDARD BOOK NUMBER
ISBN 9788175543034
082 ## - DEWEY DECIMAL CLASSIFICATION NUMBER
Classification number 658.452 BRA
100 ## - MAIN ENTRY--AUTHOR NAME
Personal name Bradbury, Andrew
245 ## - TITLE STATEMENT
Title Successful presentation skills
Statement of responsibility, etc Andrew Bradbury
250 ## - EDITION STATEMENT
Edition statement 3rd ed
260 ## - PUBLICATION, DISTRIBUTION, ETC. (IMPRINT)
Place of publication London
Name of publisher Kogan Page
Year of publication 2009
300 ## - PHYSICAL DESCRIPTION
Number of Pages vii, 149 p. : ill. ; 22 cm
650 ## - SUBJECT ADDED ENTRY--TOPICAL TERM
Topical Term Business presentations
Topical Term Oral communication
Topical Term Presentation graphics software
Topical Term Public speaking
991 ## -
-- 146622
Holdings
Withdrawn status Lost status Damaged status Not for loan Home library Current library Shelving location Date acquired Full call number Accession Number Price effective from Koha item type
        Anna Centenary Library Anna Centenary Library 6TH FLOOR, B WING 15.10.2020 658.452 BRA 313008 15.10.2020 English Books

Find us on the map